Clergy self-care : (Record no. 10910)

MARC details
000 -LEADER
fixed length control field 01777nam a2200229 a 4500
003 - CONTROL NUMBER IDENTIFIER
control field PILC
005 - DATE AND TIME OF LATEST TRANSACTION
control field 20250127110745.0
008 - FIXED-LENGTH DATA ELEMENTS--GENERAL INFORMATION
fixed length control field 041222s1991 xx 00 eng d
010 ## - LIBRARY OF CONGRESS CONTROL NUMBER
LC control number Acc#26621
040 ## - CATALOGING SOURCE
Transcribing agency Philippine Baptist Theological Seminary
050 ## - LIBRARY OF CONGRESS CALL NUMBER
Classification number BV 4397.5
Item number Os9 1991
100 10 - MAIN ENTRY--PERSONAL NAME
Personal name Oswald, Roy M.
245 10 - TITLE STATEMENT
Title Clergy self-care :
Remainder of title finding a balance for effective ministry /
Statement of responsibility, etc. Roy M. Oswald.
260 0# - PUBLICATION, DISTRIBUTION, ETC (IMPRINT)
Place of publication, distribution, etc. New York, NY :
Name of publisher, distributor, etc. Alban Institute,
Date of publication, distribution, etc. c1991.
300 ## - PHYSICAL DESCRIPTION
Extent 222 p. : 23 cm
504 ## - BIBLIOGRAPHY, ETC. NOTE
Bibliography, etc Includes bibliographical references.
505 ## - FORMATTED CONTENTS NOTE
Formatted contents note Self-care and the ministry -- What they see is what they get -- What it means to be in the health and wholeness business -- The stress of ministry -- Fill my cup, Lord, but not too much -- Finding out where your edge is: stress self-assessment tools -- Crossing the stress threshold -- Returning form the brink: Susan Miller's story -- Burnout and the ministry -- When the salt loses its savor -- How dry is your well? a burnout self-awareness tool -- The disease of the overcommitted -- Rekindling the fire: AL Tollefson's story -- Self-care strategies -- Living in the tension -- The spiritual uplift -- Letting go techniques -- Time out -- Support systems that work -- Getting the body moving -- Monitoring our intake -- The psychotherapy tune-up -- Getting control of our time -- The value of assertiveness -- The power of laughter -- Monitoring our ambitions -- Routes to detachment -- Implications for ministry -- Spreading the word: self-care works -- Reclaiming the clergy role in the healing arts -- Clergy as advocates of wholistic health -- Living out the incarnation --
650 ## - SUBJECT ADDED ENTRY--TOPICAL TERM
Topical term or geographic name as entry element CLERGY
General subdivision HEALTH AND HYGIENE
650 ## - SUBJECT ADDED ENTRY--TOPICAL TERM
Topical term or geographic name as entry element CLERGY
General subdivision MENTAL HEALTH
650 #4 - SUBJECT ADDED ENTRY--TOPICAL TERM
Topical term or geographic name as entry element PASTORAL THEOLOGY
942 ## - ADDED ENTRY ELEMENTS (KOHA)
Koha item type Reserve Books
Source of classification or shelving scheme Library of Congress Classification
Holdings
Withdrawn status Lost status Source of classification or shelving scheme Damaged status Not for loan Home library Current library Shelving location Date acquired Source of acquisition Cost, normal purchase price Total Checkouts Total Renewals Full call number Barcode Date last seen Date last checked out Price effective from Koha item type
    Dewey Decimal Classification     PBTS Library PBTS Library Circulation Section 12/22/2004   22.69 5 24 BV 4397.5 Os9 1991 26621 03/16/2026 04/13/2021 04/02/2015 Circulation Books

Philippine Baptist Theological Seminary | 19 Tacay Road, Central Guisad, Baguio City 2600, Philippines